Where isn't it? 1 (countries) Quiz Stats

 Plays Quiz not verified by Sporcle

Score 0/20 Timer 04:00
0 Plays Today
Question Answer Wrong Answers
Central America Ecuador
89.8%
Costa Rica
0%
Honduras
0%
Nicaragua
1.7%
Baltic States Moldova
88.1%
Estonia
1.7%
Latvia
0%
Lithuania
0%
Benelux Belarus
88.1%
Belgium
0%
Luxembourg
3.4%
Netherlands
1.7%
Arabia Jordan
84.7%
Oman
1.7%
United Arab Emirates
1.7%
Yemen
5.1%
Balkan Peninsula Hungary
84.7%
Macedonia
0%
Albania
3.4%
Bulgaria
3.4%
Lesser Antilles Jamaica
84.7%
St Lucia
1.7%
Dominica
0%
Grenada
6.8%
Sahara Eritrea
83.1%
Algeria
3.4%
Chad
5.1%
Egypt
1.7%
Transcaucasia Ukraine
83.1%
Armenia
6.8%
Azerbaijan
0%
Georgia
1.7%
Sahara Senegal
79.7%
Libya
6.8%
Mali
1.7%
Mauritania
3.4%
Indochina Thailand
79.7%
Cambodia
6.8%
Laos
5.1%
Vietnam
1.7%
Iberian Peninsula Monaco
79.7%
Andorra
8.5%
Portugal
0%
Spain
0%
Greater Antilles Barbados
74.6%
Cuba
11.9%
Dominican Republic
5.1%
Haiti
1.7%
Sahel Gabon
72.9%
Niger
6.8%
Mali
3.4%
Chad
10.2%
Sahara Burkina Faso
72.9%
Niger
3.4%
Sudan
8.5%
Tunisia
8.5%
Lapland Denmark
72.9%
Finland
0%
Russia
15.3%
Sweden
1.7%
Caribbean The Bahamas
67.8%
Antigua and Barbuda
3.4%
Jamaica
1.7%
Trinidad and Tobago
16.9%
Polynesia Palau
62.7%
Samoa
10.2%
Tuvalu
11.9%
Tonga
8.5%
Scandinavia Finland
54.2%
Denmark
28.8%
Norway
6.8%
Sweden
1.7%
Melanesia Marshall Islands
47.5%
Fiji
20.3%
Solomon Islands
11.9%
Vanuatu
10.2%
Gran Chaco Chile
44.1%
Argentina
11.9%
Bolivia
20.3%
Paraguay
13.6%

You're not logged in!

Compare scores with friends on all Sporcle quizzes.
OR
Log In

You Might Also Like...

Show Comments

Extras

Created May 1, 2017ReportNominate
Tags:Country Quiz, doesnt, form, region

Top Quizzes Today


Score Distribution

Your Account Isn't Verified!

In order to create a playlist on Sporcle, you need to verify the email address you used during registration. Go to your Sporcle Settings to finish the process.

Report this User

Report this user for behavior that violates our Community Guidelines.

Details: